| 000 | 00769nam a22002297a 4500 | ||
|---|---|---|---|
| 003 | OSt | ||
| 005 | 20260128042222.0 | ||
| 008 | 260128b |||||||| |||| 00| 0 eng d | ||
| 020 | _a971-550-377-2 | ||
| 040 |
_aDWC-Main Lib. _cOC |
||
| 082 | _aFil. 971-550-377-2 | ||
| 100 | _aCampos, Edgardo | ||
| 245 |
_aCorruption : _bthe boom and bust of East Asia/ _cEdgardo Campos |
||
| 260 |
_aQuezon City : _bADMU Press, _cc2001. |
||
| 300 |
_a211 p. ; _c23 cm. |
||
| 500 | _aIncludes bibliographical references and indexes. | ||
| 650 | _a1. East Asia -- Economic conditions. | ||
| 650 | _a2. East Asia -- Politics and goverment -- Corrupt practices. | ||
| 650 | _a3. Financial crisis -- East Asia. | ||
| 700 | _aChang, Ha-Joon | ||
| 942 |
_2ddc _cBK - FIL _hFil. _n0 |
||
| 999 |
_c7890 _d7890 |
||